000 01127nam a22004337a 4500
001 BR8305707
003 BR-BrBNA
005 20230928091810.0
007 ta
008 230509b bl.||||| |||| 00| 0 por d
040 _aBR-BrBNA
_bpor
_cBiblioteca Nacional de Agricultura
041 _a(Por)
072 _aE11; F01
_b/G514
090 _ E11 BR8305707
110 1 _aMinisterio da Agricultura, Brasilia, DF (Brasil)
_96753
245 1 _aPrograma grande carajas agricola. Versao preliminar - v. 5 [Brasil]
260 3 _aBrasilia, DF (Brasil):
_c1983.
300 _a17 p.
500 _a16 maps, scale 1:2.500
650 _aPROJETO DE DESENVOLVIMENTO
650 _aAPTIDAO AGRICOLA
650 _aARROZ
650 _aMILHO
650 _aFEIJAO
650 _aSOJA
650 _aAMENDOIM
650 _aALGODAO
650 _aMANDIOCA
650 _aCANA DE ACUCAR
650 _aPIMENTA DO REINO
650 _aSERINGUEIRA
650 _aDENDE
650 _aCACAU
650 _aCASTANHA DO PARA
650 _aPINHEIRO
650 _aEUCALIPTO
909 _a202309
_bLucia
_c55
_dLucia Elande
942 _cBK
999 _c35584
_d35584